Catálogo
 En Linea

¡Pasional...! : (Registro nro. 34596)

Detalles MARC
000 -CABECERA
campo de control de longitud fija 00688nam a2200169 a 4500
001 - NÚMERO DE CONTROL
campo de control 000035105
005 - FECHA Y HORA DE LA ÚLTIMA TRANSACCIÓN
campo de control 20200930074116.0
008 - DATOS DE LONGITUD FIJA--INFORMACIÓN GENERAL
campo de control de longitud fija 111025s1909 sp 000 0 spa d
040 ## - FUENTE DE LA CATALOGACIÓN
Centro catalogador/agencia de origen DO-SdBNP
Lengua de catalogación spa
Centro/agencia transcriptor BNPHU
082 ## - NÚMERO DE LA CLASIFICACIÓN DECIMAL DEWEY
Número de clasificación xxxx
Número de documento/Ítem O52p
100 1# - ENTRADA PRINCIPAL--NOMBRE DE PERSONA
Nombre de persona Olona, Federico
9 (RLIN) 60776
245 10 - MENCIÓN DE TÍTULO
Título ¡Pasional...! :
Resto del título Zarzuela dramática en un acto y tres cuadros, en prosa y versos /
Mención de responsabilidad, etc. Federico e Ignacio Olona ; música Roberto G. Ortells.
260 ## - PUBLICACIÓN, DISTRIBUCIÓN, ETC.
Lugar de publicación, distribución, etc. Madrid :
Nombre del editor, distribuidor, etc. R. Velasco,, impresor, Marqués de Santa Ana,
Fecha de publicación, distribución, etc. 1909.
300 ## - DESCRIPCIÓN FÍSICA
Extensión 39 p. ;
Dimensiones 20 cm.
500 ## - NOTA GENERAL
Nota general Estrenada con extraordinario éxito en el Teatro Barbieri la noche del 5 de marzo de 1909.
700 12 - PUNTO DE ACCESO ADICIONAL--NOMBRE DE PERSONA
Nombre de persona Ortells, Roberto G.,
Término indicativo de función/relación mús.
9 (RLIN) 60777
Existencias
Estado de retiro Estado de pérdida Restricciones de uso No para préstamo Código de colección Localización permanente Ubicación/localización actual Ubicación en estantería Fecha de adquisición Número de inventario Total de préstamos Signatura topográfica completa Código de barras Fecha visto por última vez Precio válido a partir de Tipo de ítem Koha
      Excluido de préstamo Monografías: Libros y Folletos General General En catalogación 25.10.2011 LF1   xxxx O52p 35105-10 25.06.2020 25.06.2020 No se presta

Con tecnología Koha